Stanovenie ušlého zisku v poisťovníctve pre účely znaleckého dokazovania

Skutočná škoda a ušlý zisk ako kategória práva. Ušlý zisk ako ekonomická a interdisciplinárna kategória. Stanovenie ušlého zisku pre účely poistného plnenia.

Salvato in:
Dettagli Bibliografici
Autore principale: Majdúchová, Helena, 1963-
Natura: Capitolo di libro
Lingua:slovacco
Soggetti:
Tags: Aggiungi Tag
Nessun Tag, puoi essere il primo ad aggiungerne!!

MARC

LEADER 00000naa a2200000 4500
001 0177652
005 20240522091843.6
041 0 |a slo 
044 |a SK 
245 1 0 |a Stanovenie ušlého zisku v poisťovníctve pre účely znaleckého dokazovania  |c Helena Majdúchová 
520 |a Skutočná škoda a ušlý zisk ako kategória práva. Ušlý zisk ako ekonomická a interdisciplinárna kategória. Stanovenie ušlého zisku pre účely poistného plnenia. 
610 2 0 |a zisk 
610 2 0 |a znalectvo 
610 2 0 |a posudky znalecké 
610 2 0 |a náklady 
610 2 0 |a poisťovníctvo 
100 1 |a Majdúchová, Helena, 1963-